000 00410nam a2200193Ia 4500
001 13664
003 GE_BSU
008 181216s||||||||xx |||||||||||||| ||und||
040 _cGE_BSU
080 _a821.111-3
100 _aReeman,Douglas.
245 _aSend a Gunboat.
260 _aLondon.
260 _bArrow Books.
260 _c1960
300 _a255p;18cm.
653 _aSend a Gunboat.
942 _cBK
999 _c46813
_d46813